[Event "Menorca op-B 4th"]
[Site "Ciutadella"]
[Date "2025.04.21"]
[Round "9"]
[White "Aamer Saeed, Alyileili"]
[Black "Baltrunas, Arvydas"]
[Result "0-1"]
[WhiteElo "1635"]
[BlackElo "1857"]
[PlyCount "117"]
[EventDate "2025.04.16"]
[EventType "swiss"]
[EventRounds "9"]
[EventCountry "ESP"]
[SourceTitle "CB18_2025"]
[SourceDate "2025.04.30"]
[SourceVersion "1"]
[SourceVersionDate "2025.04.30"]
[SourceQuality "1"]

1. e4 e6 2. d4 d5 3. Nd2 a6 4. Ngf3 c5 5. exd5 exd5 6. dxc5 Bxc5 7. Nb3 Ba7 8. Be2 Ne7 9. 0-0 Nbc6 10. c3 0-0 11. Bf4 Bf5 12. Bd3 Qd7 13. Bxf5 Qxf5 14. Bg3 Rad8 15. Nfd4 Qd7 16. Qd3 Nxd4 17. cxd4 Rfe8 18. Rac1 Nc6 19. Nc5 Bxc5 20. dxc5 Qe6 21. a3 Qe4 22. Qxe4 Rxe4 23. f3 Re2 24. Rf2 Rde8 25. Kf1 Rxf2+ 26. Kxf2 f6 27. b4 Kf7 28. Bf4 Ke6 29. Rb1 d4 30. Re1+ Kd7 31. Rxe8 Kxe8 32. Ke2 Kd7 33. Kd3 Ke6 34. Bc1 Kd5 35. f4 f5 36. Bb2 g6 37. Ba1 a5 38. b5 Nd8 39. Bxd4 Ne6 40. c6 bxc6 41. b6 Nd8 42. Be5 Kc5 43. Bc7 Nb7 44. Kc3 Kd5 45. Kb3 Kd4 46. Be5+ Kd5 47. Bf6 Nc5+ 48. Kb2 Kc4 49. Be5 Na4+ 50. Kc2 Nxb6 51. Bc7 Kb5 52. Kd3 Nd5 53. Be5 c5 54. Bd6 Nb6 55. h3 h5 56. Kc3 Nc4 57. a4+ Kc6 58. Kxc4 Kxd6 59. Kb5 0-1

[Event "Plunge op 40th"]
[Site "Plateliai"]
[Date "2020.07.16"]
[Round "6"]
[White "Baltrunas, Arvydas"]
[Black "Baumilas, Silvestras"]
[Result "1/2-1/2"]
[WhiteElo "1810"]
[BlackElo "1474"]
[PlyCount "23"]
[EventDate "2020.07.13"]
[EventType "swiss"]
[EventRounds "9"]
[EventCountry "LTU"]
[SourceTitle "CBM 197 Extra"]
[Source "ChessBase"]
[SourceDate "2020.09.30"]
[SourceVersion "1"]
[SourceVersionDate "2020.09.30"]
[SourceQuality "1"]

1. c4 c5 2. Nc3 Nf6 3. g3 g6 4. Bg2 Bg7 5. Nf3 Nc6 6. 0-0 0-0 7. d3 e5 8. a3 a5 9. Bg5 h6 10. Be3 d6 11. h3 Be6 12. Qd2 1/2-1/2

[Event "Chioggia op-B 14th"]
[Site "Chioggia"]
[Date "2019.10.06"]
[Round "5"]
[White "Baltrunas, Arvydas"]
[Black "Antonelli, Laura"]
[Result "1-0"]
[WhiteElo "1833"]
[BlackElo "1578"]
[PlyCount "105"]
[EventDate "2019.10.04"]
[EventType "swiss"]
[EventRounds "5"]
[EventCountry "ITA"]
[SourceTitle "EXT 2022"]
[Source "ChessBase"]
[SourceDate "2021.10.06"]
[SourceVersion "1"]
[SourceVersionDate "2021.10.06"]
[SourceQuality "1"]

1. d4 d5 2. Bg5 f6 3. Bh4 Bf5 4. e3 c6 5. Bd3 Bg6 6. Nf3 Nd7 7. Bxg6+ hxg6 8. Qd3 Qa5+ 9. c3 0-0-0 10. Qxg6 Nh6 11. Nbd2 Qb6 12. 0-0-0 Qa6 13. Kb1 Nb6 14. Bg3 e6 15. Nh4 Na4 16. Qc2 Bd6 17. Ng6 Rhe8 18. e4 Bxg3 19. hxg3 Nb6 20. e5 f5 21. f3 Qe2 22. Nb3 Qxc2+ 23. Kxc2 Nc4 24. Rde1 b6 25. Nc1 c5 26. b3 Na5 27. Ne2 Nc6 28. Kd3 Ne7 29. Ngf4 Nc6 30. Rh5 cxd4 31. cxd4 Nb4+ 32. Kd2 Nxa2 33. Ra1 Nb4 34. Rxa7 g5 35. Rxg5 Nc6 36. Rh7 Ng8 37. Rgg7 Re7 38. Rxe7 Ngxe7 39. Nxe6 Rg8 40. Ke3 Kd7 41. N6f4 Kd8 42. Rh6 Kc7 43. Rd6 Ra8 44. Nxd5+ Nxd5+ 45. Rxd5 Nb4 46. Rd6 Ra3 47. Nc1 Ra1 48. Kd2 Rb1 49. Rf6 Nd5 50. Kc2 Rxc1+ 51. Kxc1 Nxf6 52. exf6 Kd7 53. g4 1-0

[Event "Klaipeda Sea rapid op 16th"]
[Site "Klaipeda"]
[Date "2019.07.27"]
[Round "5"]
[White "Griksaite, Egle"]
[Black "Baltrunas, Arvydas"]
[Result "0-1"]
[WhiteElo "1293"]
[BlackElo "1865"]
[PlyCount "198"]
[EventDate "2019.07.27"]
[EventType "swiss (rapid)"]
[EventRounds "7"]
[EventCountry "LTU"]
[SourceTitle "CBM 191 Extra"]
[Source "ChessBase"]
[SourceDate "2019.09.30"]
[SourceVersion "1"]
[SourceVersionDate "2019.09.30"]
[SourceQuality "1"]

1. d4 d6 2. Nf3 c6 3. Bf4 Bg4 4. e3 Nd7 5. h3 Bh5 6. Be2 Ngf6 7. Nbd2 Qb6 8. Qc1 h6 9. c3 g5 10. Bh2 Bg7 11. Qc2 Bg6 12. Qb3 0-0-0 13. 0-0-0 Qxb3 14. Nxb3 Ne4 15. Rhf1 f5 16. Nbd2 Rdf8 17. Nxe4 fxe4 18. Nd2 Rf7 19. f3 exf3 20. Bxf3 Rhf8 21. Rf2 e5 22. Rff1 d5 23. Bg4 e4 24. Bd6 Rxf1 25. Rxf1 Rxf1+ 26. Nxf1 Kd8 27. Ng3 Nb6 28. Ba3 Nc4 29. Nf1 Kc7 30. b3 Nxa3 31. Nd2 Nb5 32. c4 Bf8 33. cxb5 cxb5 34. Kc2 Bd6 35. Be6 Kc6 36. Bg4 a5 37. Be2 a4 38. bxa4 bxa4 39. Nb1 Bf7 40. Nc3 a3 41. Kb3 b6 42. Nb5 Bg3 43. Nxa3 Bf2 44. Nc2 Kd6 45. Kc3 Ke6 46. Bg4+ Kf6 47. Kd2 h5 48. Bd7 Be6 49. Bxe6 Kxe6 50. Ke2 Bg3 51. Nb4 Bd6 52. Nc2 Kf5 53. Kf2 g4 54. hxg4+ Kxg4 55. Kf1 Kg3 56. a4 h4 57. Kg1 Be7 58. Kf1 Bd6 59. Kg1 Bf8 60. Kf1 Kh2 61. Kf2 Bd6 62. Kf1 Kg3 63. Kg1 Kg4 64. Kf1 Kf5 65. Ke2 Ke6 66. Kf2 Kd7 67. Ke2 Kc7 68. Kd2 Kb7 69. Kc3 Ka6 70. Kb3 Ka5 71. Ne1 Bg3 72. Nc2 Bf2 73. Ka3 Bg3 74. Kb3 Bd6 75. Ne1 Bb4 76. Nc2 Bd2 77. Ka3 b5 78. axb5 Kxb5 79. Kb3 Kc6 80. Ka4 Kd6 81. Kb3 Ke6 82. Ka4 Kf5 83. Nb4 Bxe3 84. Nxd5 Bxd4 85. Kb3 Kg4 86. Kc4 Ba7 87. Kc3 Kg3 88. Kd2 Kxg2 89. Nf4+ Kf3 90. Ne2 e3+ 91. Ke1 Bb6 92. Ng1+ Kg2 93. Ne2 h3 94. Nf4+ Kg3 95. Nxh3 Kxh3 96. Ke2 Kg3 97. Ke1 Kf3 98. Kf1 e2+ 99. Ke1 Ba5# 0-1

[Event "Klaipeda Sea op-B 16th"]
[Site "Klaipeda"]
[Date "2019.07.24"]
[Round "3"]
[White "Gluchaciov, Nikolaj"]
[Black "Baltrunas, Arvydas"]
[Result "1-0"]
[WhiteElo "1718"]
[BlackElo "1865"]
[PlyCount "69"]
[EventDate "2019.07.22"]
[EventType "swiss"]
[EventRounds "7"]
[EventCountry "LTU"]
[SourceTitle "CBM 191 Extra"]
[Source "ChessBase"]
[SourceDate "2019.09.30"]
[SourceVersion "1"]
[SourceVersionDate "2019.09.30"]
[SourceQuality "1"]

1. e4 e6 2. d4 d5 3. Bd3 dxe4 4. Bxe4 Nf6 5. Bf3 c5 6. Ne2 Nc6 7. c3 cxd4 8. cxd4 Bd6 9. Nbc3 a6 10. 0-0 0-0 11. Bg5 h6 12. Bh4 Re8 13. Rc1 g5 14. Bg3 Ne7 15. Qb3 Rb8 16. Rfd1 Bxg3 17. Nxg3 Kg7 18. Nce4 Nxe4 19. Nh5+ Kg6 20. Bxe4+ f5 21. Bf3 Qd6 22. h3 Rh8 23. g4 Nd5 24. gxf5+ exf5 25. Bxd5 Kxh5 26. Bf7+ Kh4 27. Kg2 g4 28. hxg4 Kg5 29. Rc5 b6 30. Re5 Kf6 31. gxf5 Rh7 32. Bg6 Rg7 33. Qg3 Qc6+ 34. Kh2 Qc2 35. Qh4# 1-0

[Event "Llucmajor op 6th"]
[Site "Llucmajor"]
[Date "2017.05.14"]
[Round "1"]
[White "Baltrunas, Arvydas"]
[Black "Forcen Esteban, Daniel"]
[Result "0-1"]
[WhiteElo "1893"]
[BlackElo "2545"]
[PlyCount "82"]
[EventDate "2017.05.14"]
[EventType "swiss"]
[EventRounds "9"]
[EventCountry "ESP"]
[SourceTitle "CBM 178 Extra"]
[Source "ChessBase"]
[SourceDate "2017.06.22"]
[SourceVersion "1"]
[SourceVersionDate "2017.06.22"]
[SourceQuality "1"]

1. c4 e5 2. Nc3 Nc6 3. Nf3 f5 4. d3 Nf6 5. g3 Bb4 6. a3 Bxc3+ 7. bxc3 0-0 8. Bg2 d6 9. 0-0 Qe8 10. Rb1 b6 11. Qb3 Kh8 12. Ne1 Bd7 13. Nc2 Na5 14. Qb2 c6 15. Bd2 Qh5 16. Bf3 Ng4 17. Bxg4 fxg4 18. Ne3 Rf6 19. Ng2 c5 20. e4 g5 21. Qc1 Rg8 22. Rb2 Rgg6 23. Be3 Rh6 24. Nh4 gxh4 25. Bxh6 Rxh6 26. Qe3 Rf6 27. Rd1 Ba4 28. Re1 Kg7 29. Rf1 Rf3 30. Qe2 Nc6 31. Rd2 Nd8 32. d4 Nf7 33. dxc5 dxc5 34. Rd3 Ng5 35. Rd5 Bc6 36. a4 Bxd5 37. exd5 e4 38. a5 Rd3 39. f4 gxf3 40. Qe1 e3 41. gxh4 f2+ 0-1

[Event "Panevezys op 27th"]
[Site "Panevezys"]
[Date "2014.09.11"]
[Round "8"]
[White "Voroblievas, Arturas"]
[Black "Baltrunas, Arvydas"]
[Result "1/2-1/2"]
[WhiteElo "1871"]
[BlackElo "1940"]
[PlyCount "20"]
[EventDate "2014.09.05"]
[EventType "swiss"]
[EventRounds "9"]
[EventCountry "LTU"]
[SourceTitle "CBM 162 Extra"]
[Source "ChessBase"]
[SourceDate "2014.10.17"]
[SourceVersion "1"]
[SourceVersionDate "2014.10.17"]
[SourceQuality "1"]

1. e4 d5 2. exd5 Qxd5 3. Nc3 Qd6 4. d4 Nf6 5. Nf3 c6 6. g3 Bg4 7. Bg2 e6 8. Bf4 Qd8 9. 0-0 Bd6 10. Bxd6 Qxd6 1/2-1/2

[Event "Panevezys op 27th"]
[Site "Panevezys"]
[Date "2014.09.08"]
[Round "5"]
[White "Bazevicius, Albertas"]
[Black "Baltrunas, Arvydas"]
[Result "1-0"]
[WhiteElo "1875"]
[BlackElo "1940"]
[PlyCount "79"]
[EventDate "2014.09.05"]
[EventType "swiss"]
[EventRounds "9"]
[EventCountry "LTU"]
[SourceTitle "CBM 162 Extra"]
[Source "ChessBase"]
[SourceDate "2014.10.17"]
[SourceVersion "1"]
[SourceVersionDate "2014.10.17"]
[SourceQuality "1"]

1. Nf3 d6 2. d4 Bg4 3. e4 c6 4. c4 Nf6 5. Nc3 Qc7 6. h3 Bh5 7. Be2 e5 8. 0-0 Nbd7 9. Be3 h6 10. Nh4 Bxe2 11. Qxe2 0-0-0 12. b4 Kb8 13. Rfb1 g6 14. d5 Ka8 15. Nf3 g5 16. Nd2 Be7 17. dxc6 bxc6 18. Rb3 Rb8 19. Ra3 Rb7 20. Rb1 Rhb8 21. Qd3 d5 22. cxd5 c5 23. Ra6 cxb4 24. Na4 Nc5 25. Nxc5 Bxc5 26. Rc6 Bxe3 27. Rxc7 Bxf2+ 28. Kxf2 Rxc7 29. Nc4 Nd7 30. d6 Rc5 31. a3 a5 32. Nxe5 Rb7 33. Nxd7 Rxd7 34. axb4 axb4 35. Rxb4 Ra5 36. Qb3 Ka7 37. Qe3+ Ka8 38. Qb6 Ra2+ 39. Kg1 Ra1+ 40. Kh2 1-0

[Event "Vilnius op 2nd"]
[Site "Vilnius"]
[Date "2012.12.05"]
[Round "5"]
[White "Rosikhin, Igor"]
[Black "Baltrunas, Arvydas"]
[Result "1/2-1/2"]
[WhiteElo "2023"]
[BlackElo "1996"]
[PlyCount "31"]
[EventDate "2012.12.01"]
[EventType "swiss"]
[EventRounds "9"]
[EventCountry "LTU"]
[SourceTitle "EXT 2022"]
[Source "ChessBase"]
[SourceDate "2021.10.06"]
[SourceVersion "1"]
[SourceVersionDate "2021.10.06"]
[SourceQuality "1"]

1. e4 d6 2. d4 Nf6 3. Nc3 e5 4. dxe5 dxe5 5. Qxd8+ Kxd8 6. Bc4 Be6 7. Bxe6 fxe6 8. Nf3 Bd6 9. Be3 Ke7 10. 0-0-0 Nbd7 11. a3 h6 12. h3 g6 13. Nd2 b5 14. f3 Bc5 15. Bxc5+ Nxc5 16. b4 1/2-1/2

[Event "Vilnius op 2nd"]
[Site "Vilnius"]
[Date "2012.12.04"]
[Round "4"]
[White "Kiolbasa, Oliwia"]
[Black "Baltrunas, Arvydas"]
[Result "0-1"]
[WhiteElo "1825"]
[BlackElo "1996"]
[PlyCount "86"]
[EventDate "2012.12.01"]
[EventType "swiss"]
[EventRounds "9"]
[EventCountry "LTU"]
[SourceTitle "EXT 2022"]
[Source "ChessBase"]
[SourceDate "2021.10.06"]
[SourceVersion "1"]
[SourceVersionDate "2021.10.06"]
[SourceQuality "1"]

1. e4 d6 2. d4 Nf6 3. Nc3 e5 4. Nf3 Nbd7 5. Bc4 Be7 6. Be3 0-0 7. h3 a6 8. a4 h6 9. d5 Nh7 10. g4 Nb6 11. Bb3 Bd7 12. Qd2 Ng5 13. Nxg5 Bxg5 14. 0-0-0 f6 15. h4 Bxe3 16. Qxe3 Bxg4 17. Rdg1 f5 18. Qg3 Qf6 19. h5 Qg5+ 20. Kb1 Qf4 21. Qxf4 exf4 22. Rh4 Bf3 23. Rxf4 fxe4 24. Rh4 Rae8 25. a5 Nc8 26. Ba4 Re7 27. Re1 Rf5 28. Re3 Rfe5 29. b4 b5 30. Bb3 Rxh5 31. Rxh5 Bxh5 32. Rxe4 Rxe4 33. Nxe4 Bf3 34. Nd2 Bg2 35. c3 h5 36. Bd1 h4 37. Bf3 h3 38. c4 bxc4 39. Kc2 Ne7 40. Kc3 Nxd5+ 41. Kxc4 c6 42. Bxg2 hxg2 43. Nf3 g5 0-1

[Event "Vilnius"]
[Site "Vilnius"]
[Date "2009.03.21"]
[Round "7"]
[White "Baltrunas, Arvydas"]
[Black "Starostits, Ilmars"]
[Result "0-1"]
[WhiteElo "2082"]
[BlackElo "2499"]
[PlyCount "78"]
[EventDate "2009.03.17"]
[EventType "tourn"]
[EventRounds "10"]
[EventCountry "LTU"]
[EventCategory "4"]
[SourceTitle "CBM 129 Extra"]
[Source "ChessBase"]
[SourceDate "2009.05.05"]
[SourceVersion "2"]
[SourceVersionDate "2009.05.20"]
[SourceQuality "1"]

1. c4 e5 2. Nc3 Nc6 3. Nf3 g6 4. d4 exd4 5. Nxd4 Bg7 6. e3 Nge7 7. g3 Nxd4 8. exd4 d5 9. Bg2 dxc4 10. Qa4+ c6 11. Qxc4 Qxd4 12. Qxd4 Bxd4 13. 0-0 Be6 14. Bg5 h6 15. Bf4 g5 16. Bd6 Nf5 17. Ba3 0-0-0 18. Rfc1 Kb8 19. Rc2 g4 20. Ne4 Bd5 21. Bc5 Rhe8 22. Nd6 Rxd6 23. Bxd6+ Nxd6 24. Bxd5 cxd5 25. Rd2 Re4 26. Rad1 Nf5 27. Kg2 h5 28. h4 f6 29. b3 a6 30. Rc2 a5 31. Rcd2 b6 32. Rc1 Kb7 33. Rdc2 Bc5 34. Rxc5 bxc5 35. Rxc5 Re5 36. Rxa5 Nd4 37. Rc5 Nf3 38. Rc1 d4 39. Rd1 d3 0-1

[Event "Baltija Cup op 5th"]
[Site "Palanga"]
[Date "2008.06.20"]
[Round "8"]
[White "Kasparavicius, Laimutis"]
[Black "Baltrunas, Arvydas"]
[Result "1-0"]
[WhiteElo "2137"]
[BlackElo "2068"]
[PlyCount "84"]
[EventDate "2008.06.16"]
[EventType "swiss"]
[EventRounds "8"]
[EventCountry "LTU"]
[SourceTitle "EXT 2022"]
[Source "ChessBase"]
[SourceDate "2021.10.06"]
[SourceVersion "1"]
[SourceVersionDate "2021.10.06"]
[SourceQuality "1"]

1. d4 d6 2. e4 Nf6 3. Nc3 c6 4. Be2 Qc7 5. f4 e5 6. Nf3 exd4 7. Qxd4 Nbd7 8. Bc4 h6 9. e5 Ng4 10. Bxf7+ Kxf7 11. e6+ Kg8 12. exd7 Qxd7 13. 0-0 b6 14. f5 Qxf5 15. Nh4 Qxc2 16. h3 d5 17. Rxf8+ Kxf8 18. hxg4 Be6 19. Bf4 Kg8 20. Re1 Bf7 21. Nf5 Rh7 22. Re2 c5 23. Qe3 Re8 24. Qxe8+ Bxe8 25. Rxc2 d4 26. Nd5 Bf7 27. Nde7+ Kf8 28. Bd6 Ke8 29. b4 d3 30. Rc3 Kd7 31. bxc5 Bd5 32. Nxd5 bxc5 33. Bxc5 d2 34. Rd3 Kc6 35. Nfe7+ Kxc5 36. Ng6 h5 37. g5 h4 38. Rxd2 Rh5 39. Ndf4 Rh8 40. Rd7 a5 41. Rxg7 Rb8 42. Rf7 Rg8 1-0

[Event "Panevezys-ch"]
[Site "Panevezys"]
[Date "2007.03.25"]
[Round "9"]
[White "Baltrunas, Arvydas"]
[Black "Pauzolis, Regimantas"]
[Result "1-0"]
[WhiteElo "2049"]
[BlackElo "1970"]
[PlyCount "76"]
[EventDate "2007.02.04"]
[EventType "tourn"]
[EventRounds "13"]
[EventCountry "LTU"]
[SourceTitle "EXT 2010"]
[Source "ChessBase"]
[SourceDate "2010.11.25"]
[SourceVersion "1"]
[SourceVersionDate "2010.11.25"]
[SourceQuality "1"]

1. c4 e5 2. Nc3 d6 3. Nf3 f5 4. d4 e4 5. Nd2 Nf6 6. e3 c6 7. b3 d5 8. Bb2 a6 9. Be2 Bd6 10. h3 f4 11. Qc2 fxe3 12. fxe3 Bg3+ 13. Kd1 0-0 14. Nf1 Qc7 15. Ba3 Bd6 16. Bxd6 Qxd6 17. c5 Qc7 18. Kc1 b6 19. cxb6 Qxb6 20. Na4 Qb4 21. Kb2 Ne8 22. g4 Qd6 23. Nb6 Bb7 24. Nxa8 Bxa8 25. Qc5 Qc7 26. Rc1 Rf7 27. Rc2 Nd7 28. Qc3 Qb6 29. Ng3 g6 30. Rf1 Bb7 31. Rxf7 Kxf7 32. a3 Ng7 33. Bf1 Ne6 34. Rf2+ Kg8 35. Qb4 Qxb4 36. axb4 Nc7 37. Ne2 Kg7 38. g5 h6 1-0